Najdrożsi piłkarze na świecie 2025 - Statystyki

Ogólne statystyki
  • Ten quiz został rozwiązany 167 razy
  • Średni wynik to 12 z 20
Statystyki odpowiedzi
# Odpowiedź % Poprawnych
4 180 mln Mbappe
97%
1 200 mln Yamal
96%
3 180 mln Haaland
88%
2 180 mln Bellingham
84%
5 150 mln Vinicius Jr
84%
6 140 mln Pedri
81%
18 100 mln Dembele
70%
10 130 mln Wirtz
69%
7 140 mln Musiala
65%
8 140 mln Saka
64%
13 120 mln Palmer
51%
9 140 mln Isak
50%
12 130 mln Valverde
50%
19 90 mln Doue
48%
14 120 mln Rice
46%
11 130 mln Olise
42%
16 100 mln Alvarez
35%
15 100 mln Caicedo
26%
20 90 mln Neves
26%
17 100 mln Mac Allister
16%
Nie znaleziono quizów pasujących do podanych kryteriów
Rozkład punktacji
Procent ludzi z każdym wynikiem
Percentyl według liczby udzielonych odpowiedzi
Twoja historia wyników
Nie rozwiązałeś tego quizu